Communication structures / (Record no. 121461)

MARC details
000 -LEADER
fixed length control field 00755pam a2200241 a 4500
005 - DATE AND TIME OF LATEST TRANSACTION
control field 20230405154311.0
008 - FIXED-LENGTH DATA ELEMENTS--GENERAL INFORMATION
fixed length control field 230405s2007 enka 000 0 eng
020 ## - INTERNATIONAL STANDARD BOOK NUMBER
ISBN 9780727734006 (hbk.)
020 ## - INTERNATIONAL STANDARD BOOK NUMBER
ISBN 0727734008 (hbk.)
041 ## - LANGUAGE CODE
Language code of text/sound track or separate title eng
082 04 - DEWEY DECIMAL CLASSIFICATION NUMBER
Classification number 621.3824
100 1# - MAIN ENTRY--PERSONAL NAME
Personal author Smith, B. W.
245 10 - TITLE STATEMENT
Title Communication structures /
Statement of responsibility, etc Brian W. Smith.
260 ## - PUBLICATION INFORMATION
Place of publication London :
Publisher Thomas Telford,
Date 2007.
300 ## - PHYSICAL DESCRIPTION
Physical description xiv, 338 p. :
Other physical details ill. ;
Dimensions 25 cm.
504 ## - BIBLIOGRAPHY, ETC. NOTE
Bibliography, etc Includes bibliographical references and index
650 #0 - KEYWORDS
Keywords Antennas
650 #0 - KEYWORDS
Keywords Mobile phone masts
650 #0 - KEYWORDS
Keywords Telecommunication
General subdivision Equipment and supplies
-- Design and construction.
651 ## - SUBJECT ADDED ENTRY--GEOGRAPHIC NAME
Geographic name United Kingdom
942 ## - ADDED ENTRY ELEMENTS (KOHA)
Suppress in OPAC Do not suppress in OPAC
Holdings
Lost status Damaged status Not for loan Home library Current library Shelving location Date acquired Total Checkouts Full call number Date last seen Price effective from Koha item type
      London London Books 05/04/2023   621.3824 05/04/2023 05/04/2023 Book